| 000 | 00743nam a2200217 i 4500 | ||
|---|---|---|---|
| 001 | 186004 | ||
| 003 | SpMaBN | ||
| 005 | 20231113191000.0 | ||
| 008 | 160902s1978 sp |||| | | ||
| 020 | _a84-322-0332-7 | ||
| 080 | _a821.134.2(82)-31"19" | ||
| 100 | 1 |
_aSábato, Ernesto. _9101192 |
|
| 245 | 1 | 0 |
_aSobre héroes y tumbas / _cErnesto Sábato. |
| 250 | _a1ª ed. definitiva en Biblioteca breve, de la 18ª ed. argentina, corr. y rev. por el autor. | ||
| 260 |
_aBarcelona : _bSeix Barral, _c1978. |
||
| 300 |
_a558 p. ; _c20 cm. |
||
| 490 | 1 |
_aBiblioteca breve ; _v428. _aNovela |
|
| 830 | 0 |
_aBiblioteca breve. _aNovela _v428. _9225324 |
|
| 852 |
_aES-MaACL _jL-30607 _z. - Donat. Miguel A. Velasco |
||
| 999 |
_c186004 _d186004 |
||